[Event "CP-Remote email"]
[Site "Remote email"]
[Date "2013.02.10"]
[Round "?.15"]
[White "Mueller, Achim"]
[Black "Butov, Yury Alekseevich"]
[Result "1-0"]
[WhiteElo "2194"]
[BlackElo "2349"]
[PlyCount "165"]
[EventDate "2013.??.??"]
[EventType "team-match (corr)"]
[EventRounds "2"]
[EventCountry "GER"]
[SourceTitle "Corr 2015"]
[Source "ChessBase"]
[SourceDate "2015.07.17"]
[SourceVersion "1"]
[SourceVersionDate "2015.07.17"]
[SourceQuality "1"]
[WhiteTeam "Remote"]
[BlackTeam "ChessPlanet"]

1. e4 c5 2. Nf3 Nc6 3. Nc3 e6 4. d4 cxd4 5. Nxd4 a6 6. Be2 Qc7 7. 0-0 Nf6 8. Be3 Bb4 9. Na4 Be7 10. Nxc6 bxc6 11. Nb6 Rb8 12. Nxc8 Qxc8 13. e5 Nd5 14. Bc1 Bc5 15. c4 Ne7 16. b3 Qc7 17. Bb2 d6 18. exd6 Bxd6 19. Qd4 Bxh2+ 20. Kh1 Nf5 21. Qc3 f6 22. Qh3 Be5 23. Bxe5 Qxe5 24. Rfe1 0-0 25. Bd3 Qb2 26. Kg1 Rbd8 27. Bxf5 exf5 28. Qxf5 Rfe8 29. Qa5 h6 30. Qxa6 Re2 31. Rxe2 Qxa1+ 32. Kh2 Qf1 33. c5 Kh7 34. Qc4 Rd5 35. Qe4+ Kg8 36. Qe8+ Kh7 37. b4 Rg5 38. g3 Re5 39. Rxe5 Qxf2+ 40. Kh3 fxe5 41. Qxe5 Qf3 42. Qe1 Qh5+ 43. Kg2 Qd5+ 44. Kg1 Qxa2 45. Qe4+ Kh8 46. Qe8+ Kh7 47. Qxc6 Qb1+ 48. Kf2 Qxb4 49. Qd5 Qb2+ 50. Kf3 Qc1 51. Qe4+ Kh8 52. Qd4 Qh1+ 53. Kf4 Qf1+ 54. Ke5 Qb5 55. Qd5 Qe8+ 56. Kf4 Qf8+ 57. Kg4 Qc8+ 58. Kf3 Qh3 59. Qa8+ Kh7 60. Qe4+ Kh8 61. c6 Qf1+ 62. Ke3 Qg1+ 63. Kd3 Qxg3+ 64. Kc4 Qg5 65. Qd5 Qf4+ 66. Qd4 Qh2 67. Qd7 Qa2+ 68. Kb5 Qb2+ 69. Ka6 Qa3+ 70. Kb7 Qf3 71. Qd4 Kh7 72. Qc4 Qg2 73. Kb8 Qb2+ 74. Kc8 Qd2 75. c7 Kh8 76. Qe4 Qg5 77. Qb4 Kh7 78. Kb7 Qd5+ 79. Ka7 Qf5 80. Qb6 h5 81. Qb4 Qe6 82. Qb1+ g6 83. Qd3 1-0